Učitavanje...
Macbeth
| Glavni autori: | , |
|---|---|
| Format: | Printed Book |
| Izdano: |
Kottayam, NBS
1971
|
| LEADER | 004240000a22001330004500 | ||
|---|---|---|---|
| 040 | |a MAL | ||
| 082 | |a 822 SHA/M 32L1 | ||
| 100 | |a Parameswaran Pillai, V N; Tr | ||
| 100 | |a Shakespeare, William | ||
| 245 | |a Macbeth | ||
| 260 | |a Kottayam, NBS | ||
| 260 | |c 1971 | ||
| 999 | |c 24254 |d 24254 | ||
| 952 | |0 0 |1 0 |4 0 |6 822_000000000000000_SHA_M_32L1 |7 0 |8 MAL |9 24078 |a MGUL |b MGUL |d 2013-07-16 |l 3 |o 822 SHA/M 32L1 |p 15495 |r 2015-11-12 |s 2015-10-07 |w 2013-07-16 |y BK | ||